00355nam a2200145Ia 4500008004100000020001500041041001200056082001600068100001800084245003600102260003100138300000800169650001500177700001700192221030s9999 xx 000 0 und d a817722526X aEnglish a105.23bRio aD. G. Riordan 0aTechnical Reports Writing Today bBiztantraaNew Delhic2005 a598 aManagement aS. E. Pauley